Classical symbols of Artemis/Diana on a drawing - Statistics

General Stats
  • This quiz has been taken 34 times
  • The average score is 5 of 6
Answers on the Map
Answers color-coded by a green-red scale on the quiz's map according to % correct below.
 
Answer Stats
Attribut % Correct
The Moon
100%
The bow
96%
The deer
96%
The quiver
79%
The diadem
71%
The forest
71%
No matching quizzes found
Score Distribution
Percent of People with Each Score
Percentile by Number Answered
Your Score History
You have not taken this quiz